| 000 | 00603nam a2200229Ia 4500 | ||
|---|---|---|---|
| 003 | OSt | ||
| 005 | 20220918191845.0 | ||
| 006 | a|||||r|||| 00| 0 | ||
| 007 | ta | ||
| 008 | 220917b |||||||| |||| 00| 0 eng d | ||
| 024 | _a65,418 | ||
| 037 | _cTextual | ||
| 040 |
_aARTS _cARTS _beng |
||
| 041 |
_2eng _aeng |
||
| 082 | _aR292, N1 | ||
| 100 |
_aSen Pranab Kumar _949019 |
||
| 245 | 0 | _aReference and truth | |
| 260 |
_aN.D _bIndian Council Of philosophical Research _c1991 |
||
| 300 |
_axx,230p. _ccm. |
||
| 942 |
_hR292, N1 _cTEXL _2CC |
||
| 999 |
_c191661 _d191661 |
||